000 00584nam a22002177a 4500
999 _c6035
_d6035
003 OSt
005 20210409105338.0
008 160427b xxu||||| |||| 00| 0 eng d
020 _a9780199562411
040 _cNLM
082 _aW50 O3b 2007
100 _aEdited by Steinbock, Bonnie
_98382
245 _aThe Oxford Handbook of Bioethics
250 _a4th ed.
260 _bOxford University Press,
_c2007
300 _axviii,745p;
_bill;
_c25cm
504 _aReferences, & index included
650 _aMedical ethics
_95602
650 _aBioethics
_914053
942 _2ddc
_cO_SHELF